000 00827nam a2200253Ia 4500
003 OSt
005 20220923222037.0
006 a|||||r|||| 00| 0
007 ta
008 tel
024 _a202,706
037 _cTextual
040 _aARTS
_cARTS
_btel
041 _2tel
_atel
082 _aO35,3M95,CK, 152M7
100 _aसत्यनारायण, विश्वनाथ
245 0 _aचन्द्रगुप्त का स्वपन
246 _aChandragupta kā svapana
260 _aनई दिल्ली
_b एस के पब्लि
_c1987
300 _a156पृ0
_ccm.
650 _aतेलुगु साहित्य
_9156264
942 _hO35,3M95,CK, 152M7
_cTEXL
_2CC
999 _c353530
_d353530